[Event "Francisco Martinez 8th tt"]
[Site "Santa Clara"]
[Date "2018.08.19"]
[Round "6.2"]
[White "Rodriguez Lugo, Octavio"]
[Black "Perez Draguich, Jorge Luis"]
[Result "1/2-1/2"]
[WhiteElo "1914"]
[BlackElo "1945"]
[PlyCount "24"]
[EventDate "2018.08.16"]
[EventType "team-tourn"]
[EventRounds "10"]
[EventCountry "CUB"]
[EventCategory "8"]
[SourceTitle "EXT 2021"]
[Source "ChessBase"]
[SourceDate "2020.10.23"]
[SourceVersion "1"]
[SourceVersionDate "2020.10.23"]
[SourceQuality "1"]

1. d4 Nf6 2. Nf3 d5 3. Bf4 e6 4. e3 c6 5. Bd3 Bd6 6. Bxd6 Qxd6 7. 0-0 0-0 8. c4 dxc4 9. Bxc4 Nbd7 10. Nc3 a6 11. Qe2 e5 12. dxe5 Nxe5 1/2-1/2

[Event "Francisco Martinez 8th tt"]
[Site "Santa Clara"]
[Date "2018.08.16"]
[Round "1.2"]
[White "Perez Draguich, Jorge Luis"]
[Black "Rodriguez Lugo, Octavio"]
[Result "1/2-1/2"]
[WhiteElo "1945"]
[BlackElo "1914"]
[PlyCount "21"]
[EventDate "2018.08.16"]
[EventType "team-tourn"]
[EventRounds "10"]
[EventCountry "CUB"]
[EventCategory "8"]
[SourceTitle "EXT 2021"]
[Source "ChessBase"]
[SourceDate "2020.10.23"]
[SourceVersion "1"]
[SourceVersionDate "2020.10.23"]
[SourceQuality "1"]

1. d4 d5 2. c4 e6 3. Nc3 Nf6 4. Bg5 c6 5. Nf3 Nbd7 6. e3 Be7 7. cxd5 exd5 8. Bd3 0-0 9. 0-0 Re8 10. Qc2 Nf8 11. Rae1 1/2-1/2

[Event "Agosto de Victorias op"]
[Site "Mayabeque"]
[Date "2018.08.07"]
[Round "8"]
[White "Gonzalez Munoz, Ariel"]
[Black "Perez Draguich, Jorge Luis"]
[Result "1-0"]
[WhiteElo "2120"]
[BlackElo "1945"]
[PlyCount "41"]
[EventDate "2018.08.04"]
[EventType "swiss"]
[EventRounds "9"]
[EventCountry "CUB"]
[SourceTitle "EXT 2021"]
[Source "ChessBase"]
[SourceDate "2020.10.23"]
[SourceVersion "1"]
[SourceVersionDate "2020.10.23"]
[SourceQuality "1"]

1. e4 c5 2. Nf3 e6 3. d4 cxd4 4. Nxd4 Nc6 5. Nc3 a6 6. Be3 Qc7 7. a3 b5 8. Bd3 Ne5 9. 0-0 Nf6 10. h3 Nc4 11. Bxc4 Qxc4 12. e5 Nd5 13. Ne4 Nxe3 14. fxe3 Qd5 15. Qf3 Bb7 16. Qxf7+ Kd8 17. Rad1 Kc8 18. Nb3 Qxe4 19. Qxd7+ Kb8 20. Rxf8+ Rxf8 21. Qd6+ 1-0

[Event "Agosto de Victorias op"]
[Site "Mayabeque"]
[Date "2018.08.06"]
[Round "5"]
[White "Perez Draguich, Jorge Luis"]
[Black "Cordero Rodriguez, Raul"]
[Result "1-0"]
[WhiteElo "1945"]
[BlackElo "1997"]
[PlyCount "53"]
[EventDate "2018.08.04"]
[EventType "swiss"]
[EventRounds "9"]
[EventCountry "CUB"]
[SourceTitle "EXT 2021"]
[Source "ChessBase"]
[SourceDate "2020.10.23"]
[SourceVersion "1"]
[SourceVersionDate "2020.10.23"]
[SourceQuality "1"]

1. d4 Nf6 2. c4 g6 3. Nc3 Bg7 4. e4 d6 5. Nf3 0-0 6. Be2 c5 7. d5 Nbd7 8. 0-0 a6 9. h3 Rb8 10. Re1 Qc7 11. Bg5 h6 12. Bf4 Nh5 13. Be3 Nhf6 14. a4 Kh7 15. Bd3 Ng8 16. Qc2 Ne5 17. Nxe5 dxe5 18. a5 b6 19. axb6 Qxb6 20. Na4 Qb3 21. Bxc5 Bd7 22. Reb1 Rfc8 23. Qxb3 Rxb3 24. Bc2 Rb7 25. b4 a5 26. Nb6 axb4 27. Nxc8 1-0